[Event "MP Reykjavik Open 2011"]
[Site "Reykjavik ISL"]
[Date "2011.03.12"]
[Round "4.32"]
[White "Thorsteinsson, Thorsteinn"]
[Black "Milliet, Sophie"]
[Result "0-1"]
[WhiteElo "2220"]
[BlackElo "2369"]
[PlyCount "42"]
[EventDate "2011.03.09"]
[EventType "swiss"]
[EventRounds "9"]
[EventCountry "ISL"]
[Source "lmi"]
[SourceDate "2011.03.09"]

1. d4 Nf6 2. c4 c5 3. d5 b5 4. cxb5 a6 5. e3 g6 6. Nc3 Bg7 7. Nf3 O-O 8. a4 Bb7
9. e4 e6 10. Be2 axb5 11. Bxb5 exd5 12. e5 Ng4 13. Nxd5 Nxe5 14. O-O Nbc6 15.
Kh1 Nxf3 16. Qxf3 Ra7 17. Qd1 Nd4 18. Bc4 Qa8 19. Ne3 d5 20. Ba2 Rxa4 21. Bxd5
Rxa1 0-1

[Event "MP Reykjavik Open 2011"]
[Site "Reykjavik ISL"]
[Date "2011.03.12"]
[Round "4.33"]
[White "Halldorsson, Jon Arni"]
[Black "Arngrimsson, Dagur"]
[Result "1/2-1/2"]
[WhiteElo "2195"]
[BlackElo "2367"]
[PlyCount "40"]
[EventDate "2011.03.09"]
[EventType "swiss"]
[EventRounds "9"]
[EventCountry "ISL"]
[Source "lmi"]
[SourceDate "2011.03.09"]

1. d4 d5 2. c4 c6 3. cxd5 cxd5 4. Nc3 Nf6 5. Nf3 Nc6 6. Bf4 Nh5 7. Bg5 h6 8.
Bd2 e6 9. e3 Nf6 10. Bd3 Be7 11. O-O O-O 12. Rc1 Bd7 13. Qe2 Bd6 14. e4 dxe4
15. Nxe4 Nxe4 16. Qxe4 f5 17. Qe2 Re8 18. Bc4 Na5 19. Bxa5 Qxa5 20. Ne5 Bxe5
1/2-1/2

[Event "MP Reykjavik Open 2011"]
[Site "Reykjavik ISL"]
[Date "2011.03.12"]
[Round "4.34"]
[White "Sareen, Vishal"]
[Black "Byron, Alan M"]
[Result "1-0"]
[WhiteElo "2358"]
[BlackElo "2183"]
[PlyCount "79"]
[EventDate "2011.03.09"]
[EventType "swiss"]
[EventRounds "9"]
[EventCountry "ISL"]
[Source "lmi"]
[SourceDate "2011.03.09"]

1. e4 e6 2. d4 d5 3. Nd2 c5 4. exd5 exd5 5. Bb5+ Nc6 6. Qe2+ Be7 7. dxc5 Nf6 8.
Nb3 O-O 9. Be3 Bg4 10. f3 Be6 11. Bxc6 bxc6 12. Qd2 a5 13. a4 Nd7 14. Bd4 Bf6
15. Ne2 Ne5 16. Qc3 Qc7 17. O-O Nd7 18. Bxf6 Nxf6 19. Rfe1 Nd7 20. Ng3 Rfe8 21.
Re2 Nf8 22. Rae1 g6 23. Re5 Bd7 24. Rxe8 Bxe8 25. Nf1 Ne6 26. Nd4 Bd7 27. Nxe6
Bxe6 28. b3 Rb8 29. Nd2 Rb4 30. Qe3 Qd7 31. Qg5 Qa7 32. Qd8+ Kg7 33. Qd6 Qa8
34. f4 Rb8 35. Nf3 Rd8 36. Qc7 Rd7 37. Qe5+ Kg8 38. Nd4 Qf8 39. Nxe6 fxe6 40.
Qxe6+ 1-0

[Event "MP Reykjavik Open 2011"]
[Site "Reykjavik ISL"]
[Date "2011.03.12"]
[Round "4.35"]
[White "Sahl, Sheila Barth"]
[Black "Sipila, Vilka"]
[Result "0-1"]
[WhiteElo "2173"]
[BlackElo "2347"]
[PlyCount "66"]
[EventDate "2011.03.09"]
[EventType "swiss"]
[EventRounds "9"]
[EventCountry "ISL"]
[Source "lmi"]
[SourceDate "2011.03.09"]

1. e4 e5 2. Nf3 Nc6 3. Bb5 Bc5 4. O-O Nf6 5. Qe2 O-O 6. c3 Re8 7. Rd1 d5 8.
exd5 e4 9. dxc6 exf3 10. Qf1 Ng4 11. d4 Bd6 12. g3 b6 13. h3 h5 14. hxg4 Bxg4
15. Re1 h4 16. Rxe8+ Qxe8 17. Bf4 hxg3 18. Bxd6 g2 19. Qc1 cxd6 20. Qe3 Qd8 21.
Qf4 Qh4 22. Qh2 Re8 23. Na3 Qe7 24. Nc2 g6 25. Qg3 Qg5 26. Bc4 Kg7 27. Ne1 Rh8
28. Nxg2 Rh3 29. Qf4 Rh1+ 30. Kxh1 fxg2+ 31. Kxg2 Qxf4 32. Re1 Bf3+ 33. Kf1 Qh4
0-1

[Event "MP Reykjavik Open 2011"]
[Site "Reykjavik ISL"]
[Date "2011.03.12"]
[Round "4.38"]
[White "Degtiarev, Evgeny"]
[Black "Bjornsson, Tomas"]
[Result "0-1"]
[WhiteElo "2368"]
[BlackElo "2158"]
[PlyCount "172"]
[EventDate "2011.03.09"]
[EventType "swiss"]
[EventRounds "9"]
[EventCountry "ISL"]
[Source "lmi"]
[SourceDate "2011.03.09"]

1. d4 d5 2. Nf3 Nf6 3. c4 c6 4. Nc3 dxc4 5. a4 Bf5 6. e3 e6 7. a5 Na6 8. Bxc4
Nb4 9. O-O Bd6 10. Qe2 Ne4 11. Nd2 Nxd2 12. Bxd2 Qh4 13. g3 Qh3 14. e4 Bg6 15.
Ra4 O-O 16. Nd1 Na6 17. f4 Bh5 18. Qe3 Bxd1 19. Rxd1 Nc7 20. Bf1 Qh5 21. Be2
Qg6 22. Qb3 Qxe4 23. Bf3 Qf5 24. Qxb7 c5 25. Be3 Qc2 26. Qc6 Nd5 27. Bf2 Rac8
28. Qb5 c4 29. Re1 a6 30. Qxa6 Qxa4 31. Qxd6 Qxa5 32. f5 Qc7 33. Qxc7 Nxc7 34.
fxe6 Nxe6 35. Rc1 Rfd8 36. d5 Ng5 37. Bg2 f5 38. Bf1 Nf3+ 39. Kh1 Nd2 40. Be2
Rxd5 41. Rd1 Rcd8 42. Be3 Kh8 43. Bf4 h6 44. h4 Rd4 45. Rc1 Re4 46. Bh5 Kh7 47.
Rc2 g6 48. Bxd2 gxh5 49. Bf4 Kg6 50. Kg2 Rd1 51. Kf2 Kf7 52. Rc3 Rd3 53. Rc1
Rb3 54. Rc2 Ke6 55. Bxh6 Kd5 56. Bd2 Rd3 57. Bh6 Kc6 58. Rc1 Kb5 59. Rc2 Kb4
60. Kg2 Kb3 61. Rf2 Re5 62. Bg5 Red5 63. Kh3 Rd1 64. Kg2 Rb1 65. Bf6 Rbd1 66.
Bg5 Re1 67. Bf6 Re6 68. Bh8 Re3 69. Bf6 Rdd3 70. Rxf5 Rxg3+ 71. Kf2 Rg6 72. Bh8
Rh6 73. Bg7 Rh7 74. Rg5 Rh3 75. Bd4 Rxh4 76. Rg3+ Kb4 77. Bc3+ Kb5 78. Rg5+ Kb6
79. Rg6+ Kb7 80. Rg3 Rg4 81. Rh3 Kc6 82. Bd2 h4 83. Be1 Rg3 84. Rh2 Rd3 85. Kf1
h3 86. Kf2 Rg7 0-1

[Event "MP Reykjavik Open 2011"]
[Site "Reykjavik ISL"]
[Date "2011.03.12"]
[Round "4.39"]
[White "Forsaa, Espen"]
[Black "Guindy, Esmat"]
[Result "1-0"]
[WhiteElo "2340"]
[BlackElo "2153"]
[PlyCount "79"]
[EventDate "2011.03.09"]
[EventType "swiss"]
[EventRounds "9"]
[EventCountry "ISL"]
[Source "lmi"]
[SourceDate "2011.03.09"]

1. e4 e6 2. d4 d5 3. Nc3 Nf6 4. e5 Nfd7 5. f4 c5 6. Nf3 Nc6 7. Be3 a6 8. Qd2 b5
9. a3 Qb6 10. Ne2 Rb8 11. dxc5 Bxc5 12. Ned4 Nxd4 13. Bxd4 b4 14. axb4 Qxb4 15.
Qxb4 Rxb4 16. O-O-O f6 17. c3 Rb6 18. Bd3 O-O 19. exf6 gxf6 20. Bc2 Bb7 21.
Rhe1 Re8 22. Rd2 Bc6 23. Re3 a5 24. Bxc5 Nxc5 25. Nd4 Ba4 26. Bxa4 Nxa4 27. f5
e5 28. Ne6 Reb8 29. Rg3+ Kh8 30. Rxd5 Rxb2 31. Rd8+ Rxd8 32. Nxd8 h6 33. Rg6
Rf2 34. g4 Rxh2 35. Rxf6 Nxc3 36. Rf8+ Kh7 37. f6 Nd5 38. f7 Rf2 39. Re8 Rf1+
40. Kd2 1-0

[Event "MP Reykjavik Open 2011"]
[Site "Reykjavik ISL"]
[Date "2011.03.12"]
[Round "4.40"]
[White "Sigfusson, Sigurdur"]
[Black "Schaefer, Reyk"]
[Result "1/2-1/2"]
[WhiteElo "2336"]
[BlackElo "2133"]
[PlyCount "57"]
[EventDate "2011.03.09"]
[EventType "swiss"]
[EventRounds "9"]
[EventCountry "ISL"]
[Source "lmi"]
[SourceDate "2011.03.09"]

1. e4 e5 2. Nf3 d6 3. d4 exd4 4. Nxd4 Nf6 5. Nc3 Be7 6. Be2 O-O 7. O-O Re8 8.
f4 c5 9. Nf3 Nc6 10. h3 Bf8 11. Bc4 Be6 12. Bxe6 Rxe6 13. f5 Re8 14. Bg5 h6 15.
Bxf6 Qxf6 16. Nd5 Qd8 17. Re1 Be7 18. c3 Bf6 19. Qd2 Ne5 20. Rad1 Nc4 21. Qc2
Rc8 22. Re2 Nb6 23. Ne3 Qe7 24. Ng4 Rcd8 25. c4 Nd7 26. Rd5 Nb6 27. Rdd2 Nd7
28. Rd5 Nb6 29. Rdd2 1/2-1/2

[Event "MP Reykjavik Open 2011"]
[Site "Reykjavik ISL"]
[Date "2011.03.12"]
[Round "4.41"]
[White "Sellitti, Federico"]
[Black "Carstensen, Jacob"]
[Result "0-1"]
[WhiteElo "2142"]
[BlackElo "2332"]
[PlyCount "100"]
[EventDate "2011.03.09"]
[EventType "swiss"]
[EventRounds "9"]
[EventCountry "ISL"]
[Source "lmi"]
[SourceDate "2011.03.09"]

1. e4 c5 2. Nf3 d6 3. d4 cxd4 4. Nxd4 Nf6 5. Nc3 a6 6. Bc4 e6 7. Bb3 Nbd7 8. f4
Nc5 9. f5 Be7 10. Qf3 O-O 11. Be3 e5 12. Nde2 Nxb3 13. axb3 b5 14. O-O Bb7 15.
Nd5 Bxd5 16. exd5 Qc7 17. c3 a5 18. g4 e4 19. Qh3 Nxd5 20. Bd4 Bg5 21. f6 Bxf6
22. Bxf6 Nxf6 23. Nd4 Nd7 24. Rf5 Ne5 25. Rh5 h6 26. g5 f5 27. Nxf5 Nf3+ 28.
Kh1 Nxg5 29. Rg1 Rxf5 30. Qxf5 Rf8 31. Qxb5 Qf7 32. Rhxg5 hxg5 33. Qxg5 e3 34.
Qg2 Re8 35. c4 Re5 36. Rf1 Qe8 37. Qf3 e2 38. Re1 Re3 39. Qg4 Re4 40. Qf5 Re5
41. Qf3 Re3 42. Qg4 Qe5 43. Qc8+ Kh7 44. Qg4 g6 45. Qd7+ Kh6 46. Qg4 Qf6 47.
Kg2 Re5 48. Kh1 Qf1+ 49. Qg1 Rf5 50. Rc1 Kh7 0-1

[Event "MP Reykjavik Open 2011"]
[Site "Reykjavik ISL"]
[Date "2011.03.12"]
[Round "4.42"]
[White "Kristinsson, Bjarni Jens"]
[Black "Kjartansson, Gudmundur"]
[Result "0-1"]
[WhiteElo "2039"]
[BlackElo "2327"]
[PlyCount "78"]
[EventDate "2011.03.09"]
[EventType "swiss"]
[EventRounds "9"]
[EventCountry "ISL"]
[Source "lmi"]
[SourceDate "2011.03.09"]

1. d4 Nf6 2. c4 e6 3. Nf3 b6 4. g3 Ba6 5. Qc2 Bb4+ 6. Bd2 Be7 7. Bg2 d5 8. cxd5
exd5 9. Bf4 Bd6 10. Ne5 O-O 11. Nc3 c6 12. O-O Bb7 13. e4 Na6 14. Rfd1 Rc8 15.
Qa4 Be7 16. Rac1 Qe8 17. a3 dxe4 18. Nxe4 Nd5 19. Bd2 f6 20. Nd3 Qd7 21. Nf4
Nxf4 22. Bxf4 Rfd8 23. Bf1 b5 24. Qb3+ Kh8 25. d5 cxd5 26. Bxb5 Qf5 27. Rxc8
Bxc8 28. Bxa6 Bxa6 29. Bc7 Qxe4 30. Bxd8 Bxd8 31. Qb8 Qe7 32. Kg2 h6 33. b4 Bc4
34. a4 Kh7 35. b5 Qe4+ 36. Kg1 Qf3 37. Rb1 Bb6 38. Rb2 Qd1+ 39. Kg2 Bf1+ 0-1

[Event "MP Reykjavik Open 2011"]
[Site "Reykjavik ISL"]
[Date "2011.03.12"]
[Round "4.43"]
[White "Saemundsson, Bjarni"]
[Black "Lagerman, Robert"]
[Result "1-0"]
[WhiteElo "1923"]
[BlackElo "2320"]
[PlyCount "27"]
[EventDate "2011.03.09"]
[EventType "swiss"]
[EventRounds "9"]
[EventCountry "ISL"]
[Source "lmi"]
[SourceDate "2011.03.09"]

1. d4 Nf6 2. Nc3 c5 3. dxc5 e6 4. e4 Bxc5 5. e5 Qb6 6. exf6 Bxf2+ 7. Ke2 Bxg1
8. Rxg1 Qxg1 9. Qd6 gxf6 10. Be3 Qh1 11. Bc5 Nc6 12. Ne4 e5 13. Nxf6+ Kd8 14.
Nd5 1-0

[Event "MP Reykjavik Open 2011"]
[Site "Reykjavik ISL"]
[Date "2011.03.12"]
[Round "4.44"]
[White "Bisby, Daniel"]
[Black "Thorsteinsson, Erlingur"]
[Result "1-0"]
[WhiteElo "2306"]
[BlackElo "2110"]
[PlyCount "47"]
[EventDate "2011.03.09"]
[EventType "swiss"]
[EventRounds "9"]
[EventCountry "ISL"]
[Source "lmi"]
[SourceDate "2011.03.09"]

1. e4 e5 2. d4 Nf6 3. dxe5 Nxe4 4. Qe2 Nc5 5. Nc3 Nc6 6. Nf3 Ne6 7. Be3 Bb4 8.
Qc4 d5 9. exd6 Qxd6 10. Rd1 Qf8 11. a3 Bc5 12. Bxc5 Nxc5 13. b4 Ne6 14. Be2 Bd7
15. O-O Qe7 16. Nd5 Qd8 17. b5 Na5 18. Qc3 c6 19. Ne3 Qc7 20. Ne5 Bc8 21. Nf5
O-O 22. Rfe1 cxb5 23. Qxc7 Nxc7 24. Ne7+ 1-0

[Event "MP Reykjavik Open 2011"]
[Site "Reykjavik ISL"]
[Date "2011.03.12"]
[Round "4.45"]
[White "Gislason, Gudmundur"]
[Black "Ragnarsson, Johann"]
[Result "1/2-1/2"]
[WhiteElo "2291"]
[BlackElo "2089"]
[PlyCount "100"]
[EventDate "2011.03.09"]
[EventType "swiss"]
[EventRounds "9"]
[EventCountry "ISL"]
[Source "lmi"]
[SourceDate "2011.03.09"]

1. d4 d5 2. c4 e6 3. Nc3 Be7 4. Nf3 Nf6 5. Qc2 O-O 6. e4 dxe4 7. Nxe4 Nxe4 8.
Qxe4 Bb4+ 9. Kd1 f5 10. Qd3 b6 11. a3 Be7 12. Bd2 Bb7 13. Qe3 Qc8 14. Bd3 Bf6
15. Re1 Rd8 16. Bc3 c5 17. Kc2 Na6 18. Qxe6+ Qxe6 19. Rxe6 cxd4 20. Bb4 Kf7 21.
Rae1 Nxb4+ 22. axb4 Bxf3 23. gxf3 g6 24. Kb3 Re8 25. Rxe8 Rxe8 26. Ra1 Re7 27.
c5 Be5 28. h4 h5 29. Kc4 Kf6 30. Ra6 Rb7 31. Kd5 Rd7+ 32. Kc6 Rc7+ 33. Kb5 Rb7
34. Kc4 g5 35. hxg5+ Kxg5 36. c6 Re7 37. Ra1 h4 38. Rh1 Rh7 39. Rh3 Kf4 40. Kb5
Kg5 41. b3 Rc7 42. Kc4 Rh7 43. b5 Kf4 44. Be2 Rh6 45. Kd3 Rh7 46. Kd2 Bf6 47.
Bc4 Be5 48. Be6 Rh6 49. Bd7 Rh7 50. Kd3 Rh8 1/2-1/2

[Event "MP Reykjavik Open 2011"]
[Site "Reykjavik ISL"]
[Date "2011.03.12"]
[Round "4.46"]
[White "Karason, Askell O"]
[Black "Horn, Emilia"]
[Result "0-1"]
[WhiteElo "2258"]
[BlackElo "2031"]
[PlyCount "58"]
[EventDate "2011.03.09"]
[EventType "swiss"]
[EventRounds "9"]
[EventCountry "ISL"]
[Source "lmi"]
[SourceDate "2011.03.09"]

1. e4 e5 2. Nf3 Nc6 3. Bb5 a6 4. Ba4 Nf6 5. d3 d6 6. c3 b5 7. Bb3 Bg4 8. Nbd2
Be7 9. h3 Bxf3 10. Nxf3 O-O 11. O-O Na5 12. Bc2 c5 13. Re1 Nc6 14. d4 cxd4 15.
cxd4 Qc7 16. Be3 Rac8 17. Rc1 Nd7 18. Bb3 Qb8 19. dxe5 Ndxe5 20. Nd4 Nxd4 21.
Bxd4 Rxc1 22. Qxc1 Nd3 23. Qc3 Nxe1 24. Bxg7 Nf3+ 25. gxf3 Rc8 26. Qd4 Rc5 27.
e5 Rc1+ 28. Kg2 Kxg7 29. Qd5 Qg8 0-1

[Event "MP Reykjavik Open 2011"]
[Site "Reykjavik ISL"]
[Date "2011.03.12"]
[Round "4.47"]
[White "Spaan, Nathanael"]
[Black "Johannsson, Orn Leo"]
[Result "1-0"]
[WhiteElo "2228"]
[BlackElo "1859"]
[PlyCount "87"]
[EventDate "2011.03.09"]
[EventType "swiss"]
[EventRounds "9"]
[EventCountry "ISL"]
[Source "lmi"]
[SourceDate "2011.03.09"]

1. e4 e6 2. d4 d5 3. Nc3 Nf6 4. e5 Nfd7 5. f4 c5 6. Nf3 Nc6 7. Ne2 cxd4 8.
Nexd4 Bc5 9. Nb3 Bb6 10. c3 O-O 11. Bd3 f6 12. exf6 Qxf6 13. Bc2 Kh8 14. Qd3 g6
15. Bd2 e5 16. Qxd5 exf4 17. O-O-O Nde5 18. Nxe5 Qxe5 19. Qf3 Be6 20. Rhe1 Qf6
21. g3 Bc7 22. Bxf4 Bxf4+ 23. Qxf4 Qxf4+ 24. gxf4 Bg4 25. Rd6 Rxf4 26. Nc5 Rf2
27. Nxb7 Rc8 28. Rd2 Rcf8 29. Rxf2 Rxf2 30. Ba4 Bf3 31. Re6 Nb4 32. cxb4 Bxb7
33. Bb3 Bf3 34. Re8+ Kg7 35. Re7+ Kh6 36. Rxa7 Rxh2 37. Bg8 Kg5 38. Rxh7 Re2
39. Bb3 Re4 40. a3 Kf4 41. Rf7+ Kg4 42. Rxf3 Kxf3 43. Bd5 g5 44. Kd2 1-0

[Event "MP Reykjavik Open 2011"]
[Site "Reykjavik ISL"]
[Date "2011.03.12"]
[Round "4.48"]
[White "Locci, Damiano"]
[Black "Ingason, Sigurdur"]
[Result "1-0"]
[WhiteElo "2177"]
[BlackElo "1918"]
[PlyCount "101"]
[EventDate "2011.03.09"]
[EventType "swiss"]
[EventRounds "9"]
[EventCountry "ISL"]
[Source "lmi"]
[SourceDate "2011.03.09"]

1. c4 c6 2. d4 d5 3. Nf3 Nf6 4. Nc3 a6 5. Bg5 Ne4 6. h4 h6 7. Bf4 Nxc3 8. bxc3
Bf5 9. e3 e6 10. Ne5 Nd7 11. g4 Nxe5 12. Bxe5 Be4 13. f3 Bg6 14. Bd3 Be7 15.
Bxg6 Bxh4+ 16. Ke2 fxg6 17. Qb1 Kf7 18. Qxb7+ Qe7 19. Rab1 Bf6 20. Bxf6 Qxb7
21. Rxb7+ Kxf6 22. e4 Rhb8 23. e5+ Kg5 24. Rxg7 Rg8 25. Rh5+ Kf4 26. Rxg8 Rxg8
27. Rxh6 dxc4 28. Rh7 Rb8 29. Rf7+ Kg3 30. Rf6 Rb2+ 31. Ke3 Rc2 32. Rxe6 Rxc3+
33. Ke4 c5 34. dxc5 Rxf3 35. c6 c3 36. c7 Rf4+ 37. Kd3 Rc4 38. Kxc4 c2 39. Rc6
c1=Q+ 40. Kd5 Qd2+ 41. Ke6 Qxa2+ 42. Ke7 Qa3+ 43. Ke8 Qe3 44. c8=Q Qxe5+ 45.
Qe6 Qb8+ 46. Kd7 Qb7+ 47. Rc7 Qb5+ 48. Qc6 Qd3+ 49. Qd6+ Qxd6+ 50. Kxd6 Kxg4
51. Ke5 1-0

[Event "MP Reykjavik Open 2011"]
[Site "Reykjavik ISL"]
[Date "2011.03.12"]
[Round "4.49"]
[White "Andersen, Daniel"]
[Black "Agrest, Inna"]
[Result "1/2-1/2"]
[WhiteElo "1983"]
[BlackElo "2170"]
[PlyCount "124"]
[EventDate "2011.03.09"]
[EventType "swiss"]
[EventRounds "9"]
[EventCountry "ISL"]
[Source "lmi"]
[SourceDate "2011.03.09"]

1. c4 g6 2. e4 Bg7 3. d4 d6 4. Nc3 Nf6 5. f3 O-O 6. Be3 a6 7. Bd3 Nbd7 8. Nge2
c5 9. Qd2 cxd4 10. Nxd4 Ne5 11. Be2 Bd7 12. O-O Qc7 13. b3 Rfc8 14. Rac1 Qa5
15. Nd5 Qxd2 16. Bxd2 Nxd5 17. cxd5 h5 18. Be3 Be8 19. a4 Nd7 20. b4 Ne5 21. a5
Ba4 22. h3 Nd7 23. f4 Bxd4 24. Bxd4 Bc2 25. Bf3 Rc4 26. Rf2 Rac8 27. Rd2 f6 28.
Kf2 Kf7 29. Be2 R4c7 30. Ke3 Ba4 31. Rxc7 Rxc7 32. Bd3 Rc1 33. Ra2 Bb5 34. Rc2
Rxc2 35. Bxc2 Bf1 36. Kf2 Bb5 37. Bd1 Bc4 38. f5 Ne5 39. Bxe5 fxe5 40. fxg6+
Kxg6 41. Be2 Bb5 42. Bf3 Bd7 43. h4 Kh6 44. g3 Kg6 45. Bg2 Kf6 46. Bf3 Kg6 47.
Kg2 Kh6 48. Kh2 e6 49. g4 exd5 50. g5+ Kg6 51. exd5 Bf5 52. Kg3 Bc2 53. Be2 Be4
54. Bf3 Bxf3 55. Kxf3 Kf5 56. Ke3 Kg6 57. Ke4 Kf7 58. Kf5 Kg7 59. Ke4 Kg6 60.
Ke3 Kf5 61. Kf3 Kg6 62. Ke4 Kf7 1/2-1/2

[Event "MP Reykjavik Open 2011"]
[Site "Reykjavik ISL"]
[Date "2011.03.12"]
[Round "4.50"]
[White "Plug, Arjan"]
[Black "Burrows, Martin P"]
[Result "1/2-1/2"]
[WhiteElo "1965"]
[BlackElo "2168"]
[PlyCount "146"]
[EventDate "2011.03.09"]
[EventType "swiss"]
[EventRounds "9"]
[EventCountry "ISL"]
[Source "lmi"]
[SourceDate "2011.03.09"]

1. e4 c5 2. Nc3 Nc6 3. g3 g6 4. Bg2 Bg7 5. d3 d6 6. f4 e6 7. Nf3 Nge7 8. O-O
O-O 9. Be3 Nd4 10. Qd2 Rb8 11. Rae1 b5 12. Nd1 b4 13. g4 f5 14. gxf5 exf5 15.
Bxd4 cxd4 16. Ng5 h6 17. Nf3 a5 18. e5 Bb7 19. c4 dxc3 20. bxc3 dxe5 21. cxb4
axb4 22. Nxe5 Bxg2 23. Qxg2 Kh7 24. Rf3 Rb6 25. Qb2 Nc6 26. Nxc6 Bxb2 27. Nxd8
Bd4+ 28. Kf1 Rxd8 29. Re7+ Kg8 30. Ne3 Bf6 31. Rc7 Rxd3 32. Rg3 Bd8 33. Rc8 Rd4
34. Nxf5 Rxf4+ 35. Kg2 Rxf5 36. Rxd8+ Kg7 37. Rdd3 Rc6 38. Rd2 Ra6 39. Rb2 Rf4
40. Rgb3 Ra4 41. Kg3 Rc4 42. Kg2 h5 43. h3 Kf6 44. Rf2+ Kg7 45. Rfb2 Kh6 46.
Kh2 h4 47. Kg2 Kg5 48. Kh2 Kf5 49. Kg2 Ke5 50. Re3+ Re4 51. Rd3 Ra3 52. Rdb3
Ra4 53. Rd3 g5 54. Rdb3 Kd5 55. Kf3 Rf4+ 56. Kg2 Kc5 57. Rc2+ Rc4 58. Rf2 Rc3
59. Rfb2 Rxb3 60. axb3 Ra3 61. Kf3 Kd4 62. Kg4 Ra5 63. Rc2 Rc5 64. Rxc5 Kxc5
65. Kxg5 Kd4 66. Kxh4 Kc3 67. Kg5 Kxb3 68. h4 Kc4 69. h5 b3 70. h6 b2 71. h7
b1=Q 72. h8=Q Qc1+ 73. Kg6 Qg1+ 1/2-1/2

[Event "MP Reykjavik Open 2011"]
[Site "Reykjavik ISL"]
[Date "2011.03.12"]
[Round "4.51"]
[White "Andersson, Christin"]
[Black "Reppen, Ellisiv"]
[Result "1-0"]
[WhiteElo "2163"]
[BlackElo "1963"]
[PlyCount "83"]
[EventDate "2011.03.09"]
[EventType "swiss"]
[EventRounds "9"]
[EventCountry "ISL"]
[Source "lmi"]
[SourceDate "2011.03.09"]

1. e4 e5 2. Nf3 Nc6 3. Bc4 Bc5 4. c3 Nf6 5. d4 exd4 6. cxd4 Bb4+ 7. Bd2 Bxd2+
8. Nbxd2 d6 9. O-O O-O 10. h3 d5 11. exd5 Nxd5 12. Ne4 Bf5 13. Ng3 Bg6 14. Rc1
Qd6 15. Ne5 Nb6 16. Nxc6 Nxc4 17. Rxc4 bxc6 18. Qf3 Rab8 19. b3 Rfd8 20. Rxc6
Qxd4 21. Rxc7 Qb6 22. Rfc1 h6 23. h4 Rd3 24. Qf4 Rd4 25. Qf3 Rd3 26. Qg4 Rd2
27. R7c5 Qf6 28. Ne4 Bxe4 29. Rc8+ Rxc8 30. Rxc8+ Rd8 31. Rxd8+ Qxd8 32. Qxe4
Qd1+ 33. Kh2 Qd6+ 34. g3 Qd7 35. a4 g6 36. a5 Kg7 37. b4 f5 38. Qe5+ Kh7 39. b5
Qb7 40. Qc5 Qf7 41. b6 axb6 42. axb6 1-0

[Event "MP Reykjavik Open 2011"]
[Site "Reykjavik ISL"]
[Date "2011.03.12"]
[Round "4.52"]
[White "Knudsen, Jes West"]
[Black "Bergsson, Stefan"]
[Result "1/2-1/2"]
[WhiteElo "1945"]
[BlackElo "2158"]
[PlyCount "22"]
[EventDate "2011.03.09"]
[EventType "swiss"]
[EventRounds "9"]
[EventCountry "ISL"]
[Source "lmi"]
[SourceDate "2011.03.09"]

1. e4 c5 2. Nf3 e6 3. Nc3 Nc6 4. Bb5 Nge7 5. d4 cxd4 6. Nxd4 a6 7. Nxc6 bxc6 8.
Ba4 Ng6 9. Be3 Rb8 10. O-O Qa5 11. Bb3 Bc5 1/2-1/2

[Event "MP Reykjavik Open 2011"]
[Site "Reykjavik ISL"]
[Date "2011.03.12"]
[Round "4.54"]
[White "Lee, Kai Jie Edward"]
[Black "Huguet, Sergio"]
[Result "1/2-1/2"]
[WhiteElo "1913"]
[BlackElo "2140"]
[PlyCount "97"]
[EventDate "2011.03.09"]
[EventType "swiss"]
[EventRounds "9"]
[EventCountry "ISL"]
[Source "lmi"]
[SourceDate "2011.03.09"]

1. e4 Nf6 2. e5 Nd5 3. d4 d6 4. c4 Nb6 5. exd6 cxd6 6. Nc3 g6 7. Be3 Bg7 8. Rc1
O-O 9. b3 Nc6 10. d5 Ne5 11. h3 a5 12. a4 f5 13. f4 Ned7 14. Nf3 Nc5 15. Bxc5
dxc5 16. Be2 Qd6 17. g3 Bd7 18. O-O h6 19. Qd2 g5 20. Qe3 gxf4 21. Qxf4 e5 22.
dxe6 Qxf4 23. gxf4 Bxe6 24. Nb5 Rad8 25. Rcd1 Bf6 26. Ne5 Bc8 27. Bh5 Rxd1 28.
Rxd1 Rd8 29. Rxd8+ Bxd8 30. Bf3 Nd7 31. Bd5+ Kg7 32. Nf7 Bh4 33. Nfd6 Nb6 34.
Na7 Bd7 35. Nxb7 Bg3 36. Kg2 Bxf4 37. Nxc5 Be3 38. Nxd7 Nxd7 39. Nc6 Nc5 40.
Nxa5 Bd2 41. Nb7 Nxb3 42. c5 Na5 43. Nd6 Bb4 44. Nxf5+ Kg6 45. c6 Nxc6 46. Nh4+
Kh5 47. Nf3 Nd8 48. Be4 Ne6 49. Ne5 1/2-1/2

[Event "MP Reykjavik Open 2011"]
[Site "Reykjavik ISL"]
[Date "2011.03.12"]
[Round "4.55"]
[White "Ingvason, Johann"]
[Black "Frijling, Jeroen"]
[Result "1-0"]
[WhiteElo "2135"]
[BlackElo "1874"]
[PlyCount "61"]
[EventDate "2011.03.09"]
[EventType "swiss"]
[EventRounds "9"]
[EventCountry "ISL"]
[Source "lmi"]
[SourceDate "2011.03.09"]

1. e4 c5 2. Nf3 Nc6 3. d4 cxd4 4. Nxd4 e5 5. Nf3 Nf6 6. Bd3 d5 7. exd5 Qxd5 8.
O-O Bg4 9. Nc3 Bxf3 10. Nxd5 Bxd1 11. Nxf6+ gxf6 12. Rxd1 Bg7 13. c3 O-O 14. b4
Rfd8 15. b5 Ne7 16. Ba3 Nd5 17. Bb2 Rac8 18. Bf5 Rb8 19. c4 Nf4 20. c5 Ne6 21.
Rdc1 Rd5 22. Ba3 Bf8 23. Be4 Rd4 24. Bf5 Rc8 25. Rc3 Rcd8 26. g3 Rd1+ 27. Rxd1
Rxd1+ 28. Kg2 Nd4 29. c6 bxc6 30. bxc6 Nxc6 31. Bxf8 1-0

[Event "MP Reykjavik Open 2011"]
[Site "Reykjavik ISL"]
[Date "2011.03.12"]
[Round "4.56"]
[White "Steil-Antoni, Fiona"]
[Black "Jonsson, Olafur Gisli"]
[Result "1/2-1/2"]
[WhiteElo "2117"]
[BlackElo "1842"]
[PlyCount "93"]
[EventDate "2011.03.09"]
[EventType "swiss"]
[EventRounds "9"]
[EventCountry "ISL"]
[Source "lmi"]
[SourceDate "2011.03.09"]

1. e4 e5 2. Bc4 Nc6 3. Nc3 Bc5 4. Na4 Be7 5. Nf3 Nf6 6. d3 O-O 7. O-O d6 8. h3
Be6 9. Re1 Qd7 10. Nc3 h6 11. a3 Rfe8 12. Nd5 Bxd5 13. exd5 Nd4 14. Nxd4 exd4
15. Qf3 c5 16. Bd2 Nh7 17. Qh5 Bg5 18. f4 Rxe1+ 19. Rxe1 Bf6 20. g3 Re8 21.
Rxe8+ Qxe8 22. Kf2 Bd8 23. Qg4 b5 24. Ba2 Bb6 25. Qf5 Nf6 26. g4 Qd8 27. g5
hxg5 28. fxg5 Nh5 29. h4 g6 30. Qe4 Kf8 31. Bb3 Ba5 32. c3 Qd7 33. Kg2 Ng7 34.
Bd1 Qf5 35. Bg4 Qxe4+ 36. dxe4 Ke7 37. b4 Bb6 38. cxd4 cxb4 39. Bxb4 Bxd4 40.
Be2 a6 41. Bg4 Bc5 42. Bc8 a5 43. Bxa5 Bxa3 44. Bc3 Ne8 45. Bg4 f6 46. Be2 b4
47. Bd2 1/2-1/2

[Event "MP Reykjavik Open 2011"]
[Site "Reykjavik ISL"]
[Date "2011.03.12"]
[Round "4.57"]
[White "Braig, Frank"]
[Black "Antonsson, Atli"]
[Result "0-1"]
[WhiteElo "2105"]
[BlackElo "1830"]
[PlyCount "135"]
[EventDate "2011.03.09"]
[EventType "swiss"]
[EventRounds "9"]
[EventCountry "ISL"]
[Source "lmi"]
[SourceDate "2011.03.09"]

1. e4 e6 2. d4 d5 3. Nc3 Bb4 4. Nge2 b6 5. a3 Bf8 6. exd5 exd5 7. g3 Bg4 8. Bg2
c6 9. h3 Bh5 10. g4 Bg6 11. Be3 Nf6 12. Qd2 b5 13. f4 h6 14. f5 Bh7 15. Nd1 Bd6
16. Nf2 Nbd7 17. O-O Qc7 18. a4 b4 19. a5 g6 20. fxg6 Bxg6 21. Nf4 Bxc2 22.
Rac1 b3 23. N2d3 Ne4 24. Bxe4 dxe4 25. Ne1 f5 26. Ne6 Qb8 27. Ng7+ Kd8 28. Nxf5
Bb4 29. Qg2 Bxe1 30. Rfxe1 Qb4 31. Bd2 Qb5 32. Bxh6 Qxa5 33. Bg5+ Kc7 34. Bf4+
Kb6 35. Qf2 Rxh3 36. d5+ c5 37. Nd6 Qb4 38. Rxc2 bxc2 39. Rxe4 Qb3 40. Nc4+ Ka6
41. Qe1 c1=Q 42. Qxc1 Rg3+ 43. Bxg3 Qxg3+ 44. Kf1 Rf8+ 45. Ke2 Rf2+ 46. Kd1
Qf3+ 47. Ke1 Rf1+ 48. Kd2 Rxc1 49. Re6+ Kb5 50. Na3+ Kb4 51. Kxc1 Qxd5 52. Nc2+
Ka5 53. Re3 Qg5 54. Kd2 Ne5 55. Kc3 Nxg4 56. Re4 Nf6 57. Rc4 Nd5+ 58. Kb3 Qg3+
59. Ka2 Nb4+ 60. Nxb4 cxb4 61. Rc5+ Kb6 62. Rc1 a5 63. b3 a4 64. Rb1 Qc3 65.
Rb2 Ka5 66. Rb1 Qc2+ 67. Rb2 axb3+ 68. Ka1 0-1